[Event "chess.com SpeedChess Q2Sw"]
[Site "chess.com INT"]
[Date "2022.11.12"]
[Round "5"]
[White "Shimanov, Aleksandr"]
[Black "Odegov, Artem"]
[Result "1-0"]
[WhiteTitle "GM"]
[BlackTitle "FM"]
[WhiteElo "2581"]
[BlackElo "2286"]
[WhiteFideId "4198603"]
[BlackFideId "34183644"]
[EventDate "2022.11.12"]

1. e4 e6 2. d4 d5 3. exd5 exd5 4. Nf3 Bd6 5. Bd3 Ne7 6. O-O O-O 7. Bg5 f6 8. Bh4
Nbc6 9. c3 Bf5 10. Re1 Qd7 11. Bf1 Rae8 12. Nbd2 Kh8 13. a4 Ng6 14. Bg3 Nce7 15.
a5 Nf4 16. Nb3 Neg6 17. Rxe8 Rxe8 18. Nc5 Qc8 19. Qd2 c6 20. Re1 b6 21. axb6
axb6 22. Na4 Rxe1 23. Nxe1 Bc7 24. b3 h5 25. h4 Qd8 26. Nc2 Bxc2 27. Qxc2 Qe7
28. Qd1 Qe4 29. c4 Kh7 30. Nc3 Qf5 31. Qf3 Nh3+ 32. Kh2 Qxf3 33. gxf3 Nhf4 34.
cxd5 Nxd5 35. Nxd5 Bxg3+ 36. fxg3 cxd5 37. Bd3 Kh6 38. Kg2 Ne7 39. Kf2 f5 40. f4
Kg6 41. Ke3 Kf6 42. Kd2 Ke6 43. Kc3 Kd6 44. Bb5 g6 45. Be8 Kc7 46. Kb4 Nc6+ 47.
Kc3 Ne7 48. Bf7 Kd6 49. Kb2 Kc6 50. Ka3 Kd6 51. Ka4 Kc6 52. Be8+ Kd6 53. Kb5 Kc7
54. Ka6 Nc6 55. Bxc6 Kxc6 56. b4 b5 57. Ka5 Kd6 58. Kxb5 Kd7 59. Kc5 1-0

[Event "chess.com SpeedChess Q2Sw"]
[Site "chess.com INT"]
[Date "2022.11.12"]
[Round "5"]
[White "Mikhailov, Viacheslav"]
[Black "Aarav, Dengla"]
[Result "1-0"]
[WhiteTitle "IM"]
[BlackTitle "FM"]
[WhiteElo "2428"]
[BlackElo "2357"]
[WhiteFideId "4187369"]
[BlackFideId "45059756"]
[EventDate "2022.11.12"]

1. Nf3 d5 2. g3 e6 3. Bg2 Nf6 4. O-O c5 5. d4 Nc6 6. c4 dxc4 7. dxc5 Qxd1 8.
Rxd1 Bxc5 9. Nbd2 Ng4 10. e3 Bxe3 11. fxe3 Nxe3 12. Rf1 Nxf1 13. Bxf1 Na5 14.
Nxc4 Nxc4 15. Bxc4 Bd7 16. Ne5 f6 17. Nxd7 Kxd7 18. Be3 Rhc8 19. b3 a6 20. a4
Ke7 21. a5 Rc6 22. Bb6 Rac8 23. Kf2 e5 24. Ke3 Rd6 25. g4 g6 26. Rf1 h6 27. h4
Rd7 28. g5 hxg5 29. hxg5 f5 30. Rh1 Kd6 31. Rh6 Rg7 32. Kd3 Re8 33. b4 Kc6 34.
Ke3 Kd7 35. Bd5 Rc8 36. Bxb7 Rc3+ 37. Kd2 Rb3 38. Bc5 Rg3 39. Bxa6 Kc6 40. Bf2
Rg2 41. b5+ Kd5 42. Ke1 Kc4 43. b6+ Kc3 44. b7 Rg8 45. Rxg6 Rxg6 46. b8=Q Rxa6
47. Qc8+ Kb4 48. Qxa6 Rxg5 49. Qb6+ Ka4 50. a6 Rg4 51. a7 Re4+ 52. Kf1 Rb4 53.
a8=Q+ Kb3 54. Qd5+ Kc3 55. Be1+ Kc2 56. Qxb4 1-0

[Event "chess.com SpeedChess Q2Sw"]
[Site "chess.com INT"]
[Date "2022.11.12"]
[Round "5"]
[White "Begunov, Konstantin"]
[Black "Darini, Pouria"]
[Result "0-1"]
[WhiteTitle "FM"]
[BlackTitle "GM"]
[WhiteElo "2325"]
[BlackElo "2405"]
[WhiteFideId "4118510"]
[BlackFideId "12502200"]
[EventDate "2022.11.12"]

1. d4 Nf6 2. c4 e6 3. Nf3 d5 4. Nc3 Be7 5. cxd5 exd5 6. Bg5 c6 7. Qc2 O-O 8. e3
h6 9. Bh4 Ne8 10. Bg3 Nd6 11. Bd3 a5 12. O-O Na6 13. a3 Re8 14. Ne5 Bh4 15. Rfe1
Bxg3 16. hxg3 Nc7 17. Rad1 Be6 18. Na4 f6 19. Ng6 Bf7 20. Nc5 Rc8 21. Qc3 b6 22.
Na4 Ncb5 23. Qc2 Ne4 24. Nf4 Nbd6 25. Qb3 b5 26. Nc3 Nc4 27. Qc2 Ned6 28. Nb1 a4
29. Nc3 g5 30. Nfe2 Kg7 31. Na2 Rc7 32. Nb4 Qc8 33. Nc3 Rce7 34. Be2 Be6 35. Bf3
Bf5 36. Qc1 Bg6 37. Be2 Qd7 38. Bd3 h5 39. Bxg6 Kxg6 40. Qc2+ Kg7 41. Na6 Rh8
42. Nc5 Qf5 43. Qxf5 Nxf5 44. Re2 h4 45. gxh4 Rxh4 46. g3 Rh8 47. Kg2 Kg6 48.
Rh1 Rxh1 49. Kxh1 Nfd6 50. Kg2 g4 51. Kf1 Nf7 52. Kg2 Ng5 53. Na6 Nf3 54. e4 Rh7 0-1

[Event "chess.com SpeedChess Q2Sw"]
[Site "chess.com INT"]
[Date "2022.11.12"]
[Round "5"]
[White "Pranav, V"]
[Black "Durarbayli, Vasif"]
[Result "1-0"]
[WhiteTitle "IM"]
[BlackTitle "GM"]
[WhiteElo "2548"]
[BlackElo "2612"]
[WhiteFideId "25060783"]
[BlackFideId "13402935"]
[EventDate "2022.11.12"]

1. e4 c5 2. Nf3 d6 3. Bb5+ Nd7 4. a4 Nf6 5. Nc3 a6 6. Bc4 e6 7. O-O Qc7 8. Re1
b6 9. Bf1 Bb7 10. d4 cxd4 11. Nxd4 Be7 12. g3 Rc8 13. Bg2 Qb8 14. h3 Qa8 15. g4
Rxc3 16. bxc3 Nxe4 17. Qd3 Ndc5 18. Qe3 h5 19. f3 Bg5 20. Qe2 Nxc3 21. Qc4 Bxc1
22. Raxc1 Nd5 23. Nf5 Kd7 24. Nxg7 hxg4 25. fxg4 Qg8 26. Qd4 e5 27. Qd2 Qxg7 28.
Rcd1 Qg6 29. Bxd5 Bxd5 30. Qxd5 Rxh3 31. Re2 Qxg4+ 32. Rg2 Qe6 33. Qa8 Qh6 34.
Qa7+ Kc6 35. Qa8+ Kc7 36. Rf2 Qg6+ 37. Rg2 Qh6 38. Rf2 f5 39. Qa7+ Nb7 40. Rd3
Rh1+ 41. Kg2 Qh2+ 42. Kf3 Qh5+ 43. Ke3 f4+ 44. Kd2 Qd1+ 45. Kc3 Qa1+ 46. Kc4
Qxa4+ 47. Kd5 Qc6+ 48. Ke6 Rh6+ 49. Kf5 Qd7+ 50. Ke4 Qh7+ 51. Kd5 Qf7+ 52. Ke4
Qc4+ 53. Kf5 Qe6+ 54. Ke4 Rh1 55. Rc3+ Kd8 56. Qb8+ Ke7 57. Rc7+ Kf6 58. Qf8+
Kg6 59. Rg7+ Kh5 60. Qh8+ Qh6 61. Rh7 1-0

[Event "chess.com SpeedChess Q2Sw"]
[Site "chess.com INT"]
[Date "2022.11.12"]
[Round "5"]
[White "Rustemov, Alexander"]
[Black "Eynullayev, Altay"]
[Result "0-1"]
[WhiteTitle "GM"]
[BlackTitle "FM"]
[WhiteElo "2525"]
[BlackElo "2214"]
[WhiteFideId "4119002"]
[BlackFideId "13413562"]
[EventDate "2022.11.12"]

1. d4 Nf6 2. c4 e6 3. Nf3 d5 4. Nc3 Nbd7 5. cxd5 exd5 6. Bg5 c6 7. e3 h6 8. Bh4
Be7 9. Bd3 Nh5 10. Bxe7 Qxe7 11. O-O O-O 12. Rb1 a5 13. a3 Nhf6 14. Qc2 Re8 15.
Rfc1 Ne4 16. Bxe4 dxe4 17. Nd2 Nf6 18. h3 Bf5 19. b4 axb4 20. axb4 Rac8 21. Nf1
h5 22. Ng3 Bg6 23. Nge2 Bf5 24. Na4 Nd5 25. Qc5 Qg5 26. Kh2 Qd8 27. Nac3 b6 28.
Qc4 Qd6+ 29. Kh1 Qe6 30. b5 Bxh3 31. bxc6 Bxg2+ 32. Kg1 Qh3 33. Ng3 Nxe3 34.
fxe3 Qxg3 35. Ne2 Qg4 36. Kf2 Bf3 37. Ke1 Qg2 38. Kd2 Rxc6 39. Qxc6 Qxe2+ 40.
Kc3 Qxe3+ 41. Kb4 Qxd4+ 42. Rc4 Qd2+ 43. Rc3 Re6 44. Qc8+ Kh7 45. Qc7 e3 46. Qf4
Bg4 47. Kb3 Qd5+ 48. Kb2 e2 49. Re1 Qb5+ 50. Rb3 Qe5+ 51. Qxe5 Rxe5 52. Rxb6 g6
53. Kc3 f5 54. Kd4 Re4+ 55. Kd3 Kh6 56. Kd2 h4 57. Rb8 Kg5 58. Rh1 h3 59. Ke1
Re6 60. Kf2 Kf4 61. Rb4+ Re4 62. Rb8 g5 63. Rb3 e1=Q+ 64. Rxe1 Rxe1 65. Kxe1 h2 0-1

[Event "chess.com SpeedChess Q2Sw"]
[Site "chess.com INT"]
[Date "2022.11.12"]
[Round "5"]
[White "Ozen, Bahadir"]
[Black "Xiong, Jeffery"]
[Result "1/2-1/2"]
[WhiteTitle "IM"]
[BlackTitle "GM"]
[WhiteElo "2369"]
[BlackElo "2692"]
[WhiteFideId "6337058"]
[BlackFideId "2047640"]
[EventDate "2022.11.12"]

1. g3 e5 2. Bg2 d5 3. d3 Nf6 4. Nf3 Bd6 5. O-O O-O 6. Nbd2 Re8 7. e4 c6 8. Re1
a5 9. a4 Na6 10. b3 Nb4 11. Bb2 d4 12. Bf1 Bc7 13. Qb1 b5 14. c3 dxc3 15. Bxc3
Bg4 16. h3 Bxf3 17. Nxf3 bxa4 18. Rxa4 c5 19. Rd1 Nd7 20. Ra1 Nb6 21. Qb2 Qe7
22. Nd2 Qe6 23. Nc4 Nxc4 24. dxc4 Rad8 25. Qe2 Rd4 26. Bxd4 cxd4 27. c5 Qxb3 28.
Qc4 Qf3 29. Bg2 Qf6 30. Ra3 h5 31. Rf3 Qe6 32. Bf1 Qg6 33. h4 Re7 34. Rf5 Qe6
35. Qxe6 Rxe6 36. Bc4 Re7 37. Rxh5 g6 38. Rg5 Kg7 39. Kg2 Bb8 40. Rg4 Rc7 41. h5
Rxc5 42. Bb3 Rc3 43. Bd5 Nxd5 44. exd5 a4 45. hxg6 fxg6 46. Rb1 Bc7 47. Rb7 Kf6
48. Ra7 a3 49. Ra6+ Kf7 50. Rgxg6 d3 51. Kf3 e4+ 52. Ke3 a2 53. Rgf6+ Ke7 54.
Rfe6+ Kd7 55. Rxa2 Bd6 56. Ra7+ Bc7 57. Rxe4 Kd6 58. Re6+ Kxd5 59. Re7 Bb6+ 60.
Kd2 Rc2+ 61. Kxd3 Rxf2 62. Rad7+ Kc6 63. Rf7 Rg2 64. Rg7 Rxg3+ 65. Rxg3 Kxd7 66.
Rg7+ Kc6 67. Rg6+ Kb7 68. Kc4 Ba7 69. Kb5 Bb8 70. Rg7+ Ka8 71. Rf7 Ba7 72. Ka6
Bb8 73. Kb6 Be5 74. Rd7 Bb8 75. Rg7 Be5 76. Kc6 Bxg7 1/2-1/2

[Event "chess.com SpeedChess Q2Sw"]
[Site "chess.com INT"]
[Date "2022.11.12"]
[Round "5"]
[White "Ilkhomi, Jaloliddin"]
[Black "Quispe Arteaga, Gabriel"]
[Result "0-1"]
[WhiteTitle "FM"]
[BlackTitle "FM"]
[WhiteElo "2145"]
[BlackElo "2374"]
[WhiteFideId "14700948"]
[BlackFideId "32059809"]
[EventDate "2022.11.12"]

1. d4 Nf6 2. Nf3 e6 3. Bg5 h6 4. Bf4 b6 5. e3 Bb7 6. Nbd2 Nh5 7. Bg3 Nxg3 8.
hxg3 d5 9. Bd3 Nd7 10. c3 c5 11. Qe2 Bd6 12. e4 cxd4 13. Nxd4 O-O 14. g4 Qf6 15.
O-O-O Nc5 16. Kb1 Be5 17. N4f3 Nxd3 18. Qxd3 Bf4 19. g3 Bxd2 20. Nxd2 Rad8 21.
e5 Qxe5 22. f4 Qf6 23. g5 Qg6 24. Qxg6 fxg6 25. gxh6 d4 26. hxg7 Kxg7 27. Rhe1
dxc3 28. bxc3 Rd3 29. Nb3 Rxd1+ 30. Rxd1 Bd5 31. c4 Bxc4 32. Rd7+ Rf7 33. Rd4
Bxb3 34. axb3 Kf6 35. g4 Rh7 36. Kb2 Rh4 37. g5+ Kf5 38. Rd7 Rxf4 39. Rxa7 Kxg5
40. Rb7 Rb4 41. Kc3 Rb5 42. Kc4 Rc5+ 43. Kb4 Rc1 44. Rxb6 e5 45. Re6 Kf5 46. Re8
g5 47. Ka4 g4 48. b4 Rb1 49. Rf8+ Ke4 50. b5 g3 51. Rg8 Kf3 52. Rf8+ Ke3 53. Rg8
Kf2 54. Rf8+ Kg1 55. Re8 Rf1 56. Rxe5 Ra1+ 57. Kb4 Rb1+ 58. Ka5 Kf2 59. Rf5+ Ke3
60. Rg5 Kf4 61. Rg8 Ra1+ 62. Kb4 Rb1+ 63. Kc5 Rc1+ 64. Kd6 Rd1+ 65. Kc6 Rc1+ 66.
Kd7 Rc5 67. b6 Rb5 68. Kc6 Rb2 69. Rf8+ Ke3 70. Rg8 g2 71. Rf8 g1=Q 72. b7 Rxb7
73. Kd6 Qg6+ 74. Kc5 Rc7+ 75. Kd5 Qc6+ 76. Ke5 Qc5+ 77. Kf6 Qxf8+ 78. Ke6 Qe7+
79. Kd5 Rc5# 0-1

[Event "chess.com SpeedChess Q2Sw"]
[Site "chess.com INT"]
[Date "2022.11.12"]
[Round "5"]
[White "Vogel, Roven"]
[Black "Melkumyan, Hrant"]
[Result "1-0"]
[WhiteTitle "IM"]
[BlackTitle "GM"]
[WhiteElo "2461"]
[BlackElo "2645"]
[WhiteFideId "12908088"]
[BlackFideId "13302485"]
[EventDate "2022.11.12"]

1. d4 d5 2. Nc3 e6 3. Bf4 Bd6 4. e3 Ne7 5. Nf3 b6 6. Bd3 Ba6 7. Bxa6 Nxa6 8. Qe2
Nb8 9. O-O O-O 10. a4 a6 11. Bg3 Nf5 12. e4 Nxg3 13. hxg3 c6 14. e5 Be7 15. Nd1
c5 16. c3 Nc6 17. Ne3 Qd7 18. g4 Rfc8 19. Rfc1 cxd4 20. cxd4 Nb4 21. b3 g6 22.
g3 Rxc1+ 23. Rxc1 Rc8 24. Qd2 Kg7 25. g5 Rxc1+ 26. Qxc1 Qc6 27. Qd2 b5 28. axb5
Qxb5 29. Ng4 Qd3 30. Qf4 Qd1+ 31. Kg2 Nd3 32. Qe3 Qxb3 33. Nf6 Qc2 34. Ne1 Nxe1+
35. Qxe1 Qf5 36. Qh1 h5 37. gxh6+ Kh8 38. Qa1 Bxf6 39. exf6 Qxf6 40. Qxa6 Kh7
41. Qa4 Kxh6 42. Qd1 Kg7 43. f4 Qf5 44. Qd2 Qe4+ 45. Kf2 Qh1 46. Ke3 Qg1+ 47.
Kf3 Qf1+ 48. Ke3 Qh1 49. Qf2 Qb1 50. Qd2 Qg1+ 51. Kf3 Kf6 52. g4 Qh1+ 53. Kg3
Qg1+ 54. Kf3 g5 55. fxg5+ Kg6 56. Qf4 Qf1+ 57. Ke3 Qc1+ 58. Kf3 Qc3+ 59. Kf2
Qc2+ 60. Kg3 Qb3+ 61. Kh4 Qb7 62. Qf6+ Kh7 63. Kh5 Qd7 64. g6+ fxg6+ 65. Qxg6+
Kh8 66. Kh6 Qe7 67. g5 Qf8+ 68. Kh5 Qf3+ 69. Kh6 Qh1+ 70. Qh5 Qxh5+ 71. Kxh5 Kg7
72. Kg4 Kg6 73. Kf4 Kh5 74. Ke5 Kxg5 75. Kxe6 Kg6 76. Kxd5 Kf7 77. Kc6 1-0

[Event "chess.com SpeedChess Q2Sw"]
[Site "chess.com INT"]
[Date "2022.11.12"]
[Round "5"]
[White "Srihari, L R"]
[Black "Sjugirov, Sanan"]
[Result "1-0"]
[WhiteTitle "IM"]
[BlackTitle "GM"]
[WhiteElo "2436"]
[BlackElo "2712"]
[WhiteFideId "46617116"]
[BlackFideId "4189302"]
[EventDate "2022.11.12"]

1. d4 Nf6 2. Bg5 d5 3. Nd2 Nbd7 4. Ngf3 g6 5. c4 c6 6. e3 Bg7 7. cxd5 cxd5 8.
Bd3 O-O 9. O-O b6 10. Rc1 Bb7 11. Qe2 Ne4 12. Bh4 a6 13. Ng5 Nxd2 14. Qxd2 b5
15. Nf3 Re8 16. Rc2 Qb6 17. Rfc1 Nf6 18. Ne5 Rac8 19. f3 Rxc2 20. Qxc2 Qa5 21.
Qc7 Qd2 22. Re1 Ba8 23. Re2 Qd1+ 24. Re1 Qd2 25. Re2 Qd1+ 26. Be1 Ne4 27. Qc2
Qxc2 28. Rxc2 Nd6 29. b3 f6 30. Nd7 Rc8 31. Rxc8+ Nxc8 32. Nc5 Bc6 33. Nxa6 e5
34. Nc7 exd4 35. exd4 f5 36. Nxb5 Bxb5 37. Bxb5 Bxd4+ 38. Kf1 Kf7 39. Ke2 Ke6
40. Kd3 Be5 41. g3 Nd6 42. Ba6 Bb2 43. a4 Nf7 44. f4 Nd6 45. b4 Ne4 46. Bb7 Kd6
47. a5 Nf6 48. a6 Kc7 49. Bf2 Ba3 50. b5 Nd7 51. Bc6 Bc5 52. Bxc5 Nxc5+ 53. Kd4
Ne4 54. Kxd5 Kb6 55. Ke6 Nd2 56. Kd7 Nc4 57. Kc8 Ka7 58. Kd7 Nb6+ 59. Kc7 Nc4
60. Bd5 Nb6 61. Be6 Na4 62. Bg8 h6 63. Bh7 g5 64. Bxf5 gxf4 65. gxf4 Nb6 66. Bc2
Nd5+ 67. Kc6 Nb4+ 68. Kc7 Nxc2 69. b6+ Kxa6 70. b7 Ne3 71. b8=Q Nd5+ 72. Kd6 1-0

[Event "chess.com SpeedChess Q2Sw"]
[Site "chess.com INT"]
[Date "2022.11.12"]
[Round "5"]
[White "Aghasiyev, Kamal"]
[Black "Novik, Maxim"]
[Result "0-1"]
[WhiteTitle "IM"]
[BlackTitle "GM"]
[WhiteElo "2441"]
[BlackElo "2412"]
[WhiteFideId "13402854"]
[BlackFideId "4102924"]
[EventDate "2022.11.12"]

1. d4 Nf6 2. c4 g6 3. Nc3 d5 4. cxd5 Nxd5 5. e4 Nxc3 6. bxc3 Bg7 7. Nf3 c5 8.
Be3 Qa5 9. Qd2 Nc6 10. Rb1 a6 11. Rc1 cxd4 12. cxd4 Qxd2+ 13. Kxd2 e6 14. Bd3
O-O 15. Rhd1 Rd8 16. Rc4 Bd7 17. Ke1 Rac8 18. Rdc1 b5 19. Rc5 Bf8 20. R5c2 Ba3
21. Rd1 Nb4 22. Rxc8 Rxc8 23. Ne5 Be8 24. Bb1 Nc2+ 25. Ke2 Nxe3 26. fxe3 a5 27.
Bd3 Bd6 28. Rb1 Bxe5 29. dxe5 Rc5 30. a3 Rxe5 31. Rc1 Kf8 32. Rc8 Ke7 33. Kd2
Rh5 34. h3 Rg5 35. g4 h5 36. Be2 hxg4 37. hxg4 Bd7 38. Ra8 a4 39. Ra7 Kd6 40.
Kc3 Rc5+ 41. Kd2 e5 42. g5 Bc6 43. Rxf7 Bxe4 44. Rf6+ Kd5 45. Bd1 Kc4 46. Rb6
Rd5+ 47. Ke1 Kc3 48. Be2 Bd3 49. Bd1 Kb2 50. Bxa4 Kxa3 51. Bd1 b4 52. Kd2 Bc4+
53. Kc1 b3 54. e4 Rc5 55. Kd2 Rb5 56. Ra6+ Kb4 57. Rxg6 Ra5 58. Rb6+ Bb5 59.
Bxb3 Ra3 60. Bd5 Rd3+ 61. Ke1 Kc5 62. Rb8 Rg3 63. Rc8+ Kd4 64. Rg8 Bd3 65. Kf2
Rg4 66. g6 Bxe4 67. Bf7 Bf5 68. Rd8+ Ke4 69. Ra8 Kf4 70. Ra4+ e4 71. Rb4 Rg5 72.
Rb5 e3+ 73. Ke2 Rg2+ 74. Kf1 Rf2+ 75. Ke1 Bd3 76. Rb4+ Ke5 77. Rf4 Kxf4 78. Kd1
Rf1# 0-1

[Event "chess.com SpeedChess Q2Sw"]
[Site "chess.com INT"]
[Date "2022.11.12"]
[Round "5"]
[White "Omariev, Maksim"]
[Black "Vaibhav, Jayant Raut"]
[Result "1-0"]
[WhiteTitle "FM"]
[BlackTitle "CM"]
[WhiteElo "2304"]
[BlackElo "2247"]
[WhiteFideId "4193423"]
[BlackFideId "5089034"]
[EventDate "2022.11.12"]

1. g4 d5 2. Bg2 c6 3. h3 h5 4. g5 e5 5. d4 exd4 6. Qxd4 Ne7 7. e4 Be6 8. Nc3 Na6
9. exd5 Nxd5 10. Nxd5 Bxd5 11. Bxd5 Qxd5 12. Qxd5 cxd5 13. Be3 O-O-O 14. Bxa7 d4
15. O-O-O Bc5 16. Bxc5 Nxc5 17. Nf3 d3 18. Ne5 dxc2 19. Kxc2 Rxd1 20. Rxd1 Re8
21. Nxf7 Re2+ 22. Rd2 Re1 23. f4 Rf1 24. Nd6+ Kc7 25. f5 Rf3 26. h4 Kc6 27. b4
Na4 28. b5+ Kb6 29. Re2 Rf4 30. Re6 Nc5 31. Rg6 Rxh4 32. Rxg7 Rh2+ 33. Kc1 h4
34. f6 Rh1+ 35. Kd2 h3 36. Rh7 h2 37. f7 Ne6 38. g6 Ng5 39. Rh5 Nf3+ 40. Ke2
Nd4+ 41. Kf2 Ne6 42. Kg2 Rg1+ 43. Kxh2 Rxg6 44. Re5 Nf8 45. Re8 Rxd6 46. Rxf8
Rf6 47. a4 Kc7 48. Kg3 Kd7 49. Rb8 Ke6 50. Rf8 Rg6+ 51. Kf4 Rf6+ 52. Kg5 Rf1 53.
Re8+ Kxf7 54. Rb8 Rg1+ 55. Kf5 Ra1 56. Rxb7+ Ke8 57. Ra7 Kd8 58. b6 Kc8 59. a5
Kb8 60. Ke5 Rd1 61. Rc7 Ra1 62. Ra7 Rd1 63. Ke4 Rd8 64. Rc7 Rd1 65. a6 Rd8 66.
Ke5 Re8+ 67. Kd6 Rd8+ 68. Kc6 Ka8 69. Ra7+ Kb8 70. Rb7+ Ka8 71. Rd7 Rc8+ 72. Kb5
Rf8 73. Kc6 Rf6+ 74. Kc7 Rf8 75. Rd8+ Rxd8 76. Kxd8 Kb8 77. Kd7 Ka8 78. Kc6 Kb8
79. b7 Ka7 80. Kc7 Kxa6 81. b8=Q Ka5 82. Kc6 Ka4 83. Kc5 Ka3 84. Kc4 Ka2 85. Kc3
Ka1 86. Qb2# 1-0

[Event "chess.com SpeedChess Q2Sw"]
[Site "chess.com INT"]
[Date "2022.11.12"]
[Round "5"]
[White "Bluebaum, Matthias"]
[Black "Gorodetzky, David"]
[Result "1-0"]
[WhiteTitle "GM"]
[BlackTitle "IM"]
[WhiteElo "2651"]
[BlackElo "2495"]
[WhiteFideId "24651516"]
[BlackFideId "2813416"]
[EventDate "2022.11.12"]

1. d4 Nf6 2. c4 e6 3. Nc3 d5 4. cxd5 Nxd5 5. e4 Nxc3 6. bxc3 c5 7. Rb1 Be7 8.
Bc4 cxd4 9. cxd4 O-O 10. Ne2 b6 11. O-O Bb7 12. Ng3 Nc6 13. Bb2 Rc8 14. Rc1 Bf6
15. e5 Be7 16. Qg4 Nb4 17. Bb3 Bd5 18. Rxc8 Qxc8 19. Bc1 Kh8 20. Nh5 Rg8 21. Bg5
Bxg5 22. Qxg5 Bxb3 23. axb3 Nd5 24. Rc1 Qd8 25. Qg3 Qe7 26. h4 Qa3 27. Rc8 g6
28. Rxg8+ Kxg8 29. Nf6+ Kf8 30. Kh2 Qb2 31. Nxd5 exd5 32. Qf4 Ke8 33. h5 gxh5
34. f3 a5 35. e6 fxe6 36. Qd6 Qxb3 37. Qxe6+ Kd8 38. Qg8+ Kc7 39. Qxh7+ Kc6 40.
Qxh5 a4 41. Qe8+ Kc7 42. f4 a3 43. Qe7+ Kc6 44. Qe8+ Kc7 45. f5 a2 46. Qe7+ Kc6
47. Qe8+ Kc7 48. Qe7+ Kc6 49. f6 a1=Q 50. f7 Qbd1 51. Qe6+ Kb7 52. Qxd5+ Ka7 53.
Qd7+ Ka6 54. Qc8+ Kb5 55. Qf5+ Ka6 56. f8=Q Qg1+ 57. Kg3 Qge1+ 58. Kh3 Qac3+ 59.
Qf3 Qh1+ 60. Kg4 Qxd4+ 61. Kg5 Qc1+ 62. Kh5 Qh1+ 63. Kg6 Qb1+ 64. Q8f5 Qxf5+ 65.
Qxf5 Qd2 66. g4 b5 67. Qe6+ Ka5 68. g5 b4 69. Qe5+ Ka4 70. Qe8+ Ka3 71. Qe7 Qd3+
72. Kh6 Qh3+ 73. Kg7 Qc3+ 74. Kh7 Ka2 75. g6 b3 76. Qf7 Ka1 77. g7 Qd3+ 78. Kh8
Qc3 79. Qf1+ Ka2 80. Kh7 Qc2+ 81. Kh6 Qd2+ 82. Kh5 Qd5+ 83. Kg6 Qe6+ 84. Kh7
Qe4+ 85. Kh8 Qd4 86. Qf7 Ka3 87. Qe7+ Ka2 88. Qe6 Ka3 89. Qa6+ Kb4 90. Qb7+ Ka3
91. Kh7 Qd3+ 92. Kh6 Qe3+ 93. Kg6 Qd3+ 94. Kf7 Qf5+ 95. Ke7 Qe5+ 96. Kf8 Qc5+
97. Ke8 Qe5+ 98. Kd8 Qf6+ 99. Kc8 Qe6+ 100. Kb8 b2 101. Qa7+ Kb3 102. Qb7+ Kc2
103. Qg2+ Kb3 104. g8=Q Qxg8+ 105. Qxg8+ Kc2 106. Qg6+ Kc1 107. Qc6+ Kd2 108.
Qb5 Kc1 109. Qc4+ Kb1 110. Ka7 1-0

[Event "chess.com SpeedChess Q2Sw"]
[Site "chess.com INT"]
[Date "2022.11.12"]
[Round "5"]
[White "Salem, A.R. Saleh"]
[Black "Tabatabaei, M. Amin"]
[Result "1/2-1/2"]
[WhiteTitle "GM"]
[BlackTitle "GM"]
[WhiteElo "2677"]
[BlackElo "2655"]
[WhiteFideId "9301348"]
[BlackFideId "12521213"]
[EventDate "2022.11.12"]

1. d4 Nf6 2. c4 e6 3. Nc3 d5 4. cxd5 exd5 5. Bg5 c6 6. e3 Bf5 7. Qb3 Qb6 8. Bxf6
gxf6 9. Kd2 Nd7 10. Nge2 Qxb3 11. axb3 Bd6 12. Ng3 Bg6 13. Bd3 Nb6 14. Nf5 Bxf5
15. Bxf5 Kf8 16. h4 h6 17. Ne2 a6 18. Nc1 Nc8 19. Nd3 Ne7 20. Bg4 f5 21. Bh3 Kg7
22. g3 Kf6 23. b4 Rhd8 24. Rhc1 Ng6 25. Nc5 Rab8 26. Ke2 Nf8 27. Kf3 Ne6 28. Bf1
Nxc5 29. bxc5 Bc7 30. Bd3 Ra8 31. Rc3 Ra7 32. Rb3 Re8 33. Rb4 Rd8 34. Ra3 Re8
35. Rab3 Rb8 36. Ra4 Re8 37. Rba3 Raa8 38. Ra2 Rg8 39. Ra1 Rge8 40. Rb4 Ra7 41.
Raa4 Rg8 42. Rb3 Re8 43. Rba3 Raa8 44. Ra2 Rg8 45. Ra1 h5 46. Rb4 Ra7 47. Ra3
Re8 48. Kg2 Rd8 49. Be2 Kg6 50. Rab3 Rb8 51. Ra4 Re8 52. Bf3 Kh6 53. Kf1 Kg6 54.
Rab4 Rb8 55. Be2 Kh6 56. Bd3 Kg6 57. Ra4 Re8 58. Ra1 Kf6 59. Kg2 Kg6 60. Bc2 Kf6
61. Rf1 a5 62. Ra1 Rea8 63. Ra4 Kg6 64. Kf3 Kf6 65. Bd3 Kg6 66. Rba3 Kf6 67. Ra2
Kg6 68. Ra1 Kf6 69. b4 b5 70. cxb6 Bxb6 71. Rc1 Rc7 72. bxa5 Rxa5 73. Rxa5 Bxa5
74. Ra1 Bb4 75. Ra6 Kg7 76. Kf4 c5 77. dxc5 Bxc5 78. Bxf5 Be7 79. Ra2 Rc4+ 80.
Kf3 d4 81. exd4 Rxd4 82. Be4 Rc4 83. Ra5 Rc5 84. Ra2 Rc3+ 85. Kg2 Rc5 86. Bf3
Bf6 87. Re2 Ra5 88. Rc2 Re5 89. Rd2 Kg6 90. Bd1 Re7 91. Bc2+ Kg7 92. Bb1 Re5 93.
Ba2 Ra5 94. Bc4 Re5 95. Rd7 Re7 96. Rd5 Re5 97. Rd2 Rc5 98. Be2 Re5 99. Bf3 Ra5
100. Rd3 Re5 101. Bd5 Kg6 102. Bf3 Kg7 103. Rd2 1/2-1/2

[Event "chess.com SpeedChess Q2Sw"]
[Site "chess.com INT"]
[Date "2022.11.12"]
[Round "6"]
[White "Musovic, Armin"]
[Black "Naroditsky, Daniel"]
[Result "0-1"]
[WhiteTitle "FM"]
[BlackTitle "GM"]
[WhiteElo "2276"]
[BlackElo "2617"]
[WhiteFideId "939935"]
[BlackFideId "2026961"]
[EventDate "2022.11.12"]

1. a3 Nf6 2. Nc3 d5 3. d3 e5 4. Bg5 c6 5. e4 Be7 6. f3 Be6 7. Nge2 Nbd7 8. Ng3
h6 9. Bc1 h5 10. Be2 h4 11. Nf5 Bxf5 12. exf5 h3 13. g4 d4 14. Ne4 Nd5 15. O-O
Qb6 16. Kh1 O-O-O 17. c4 Ne3 18. Bxe3 dxe3 19. b4 Qd4 20. c5 Nf6 21. Qa4 Kb8 22.
b5 Qxa4 0-1

[Event "chess.com SpeedChess Q2Sw"]
[Site "chess.com INT"]
[Date "2022.11.12"]
[Round "6"]
[White "Eljanov, Pavel"]
[Black "Stearman, Josiah"]
[Result "1-0"]
[WhiteTitle "GM"]
[BlackTitle "IM"]
[WhiteElo "2706"]
[BlackElo "2377"]
[WhiteFideId "14102951"]
[BlackFideId "2062496"]
[EventDate "2022.11.12"]

1. e4 c5 2. Nf3 Nc6 3. Bb5 Na5 4. c3 a6 5. Be2 e6 6. d4 cxd4 7. cxd4 Nf6 8. Nc3
d5 9. e5 Ne4 10. O-O Nc6 11. Bd3 f5 12. exf6 Nxc3 13. fxg7 Bxg7 14. bxc3 e5 15.
Nxe5 Nxe5 16. dxe5 Be6 17. f4 Qb6+ 18. Kh1 O-O-O 19. f5 Bd7 20. e6 Bc6 21. f6 1-0

[Event "chess.com SpeedChess Q2Sw"]
[Site "chess.com INT"]
[Date "2022.11.12"]
[Round "6"]
[White "Eynullayev, Altay"]
[Black "Mahdavi, Reza"]
[Result "0-1"]
[WhiteTitle "FM"]
[BlackTitle "FM"]
[WhiteElo "2214"]
[BlackElo "2316"]
[WhiteFideId "13413562"]
[BlackFideId "12595926"]
[EventDate "2022.11.12"]

1. e4 c5 2. Nf3 e6 3. d4 cxd4 4. Nxd4 Nc6 5. Nc3 Qc7 6. g3 a6 7. Bg2 Nf6 8. O-O
Nxd4 9. Qxd4 Bc5 10. Bf4 d6 11. Qd2 h6 12. Rad1 e5 13. Be3 Bb4 14. Nd5 Nxd5 15.
Qxd5 Be6 0-1

[Event "chess.com SpeedChess Q2Sw"]
[Site "chess.com INT"]
[Date "2022.11.12"]
[Round "6"]
[White "Chernov, Mikhail"]
[Black "Matamoros Franco, Carlos S."]
[Result "0-1"]
[WhiteTitle "FM"]
[BlackTitle "GM"]
[WhiteElo "2213"]
[BlackElo "2451"]
[WhiteFideId "24143170"]
[BlackFideId "3600017"]
[EventDate "2022.11.12"]

1. e4 e6 2. d4 d5 3. c4 dxe4 4. Nc3 Nc6 5. Be3 Bb4 6. Qc2 Nf6 7. O-O-O Bxc3 8.
bxc3 Qe7 9. f3 e5 10. d5 Qa3+ 11. Kb1 Ne7 12. fxe4 Nxe4 13. Qxe4 Bf5 0-1

[Event "chess.com SpeedChess Q2Sw"]
[Site "chess.com INT"]
[Date "2022.11.12"]
[Round "6"]
[White "Vokhidov, Shamsiddin"]
[Black "Erdogdu, Mert"]
[Result "1-0"]
[WhiteTitle "GM"]
[BlackTitle "GM"]
[WhiteElo "2568"]
[BlackElo "2413"]
[WhiteFideId "14204223"]
[BlackFideId "6301495"]
[EventDate "2022.11.12"]

1. e4 c5 2. Nf3 d6 3. d4 cxd4 4. Nxd4 Nf6 5. Nc3 a6 6. Bd3 g6 7. f3 Bg7 8. Be3
O-O 9. Qd2 Nbd7 10. O-O-O b5 11. h4 Bb7 12. Bh6 Bxh6 13. Qxh6 Rc8 14. h5 e5 15.
Nde2 b4 16. Nd5 Nxd5 17. exd5 Qe7 18. hxg6 fxg6 19. Bxg6 hxg6 20. Qh8+ Kf7 21.
Rh7+ Ke8 22. Rxe7+ Kxe7 23. Qg7+ Rf7 24. Qxg6 Nf6 25. Ng3 Rg8 26. Nf5+ Kf8 27.
Qh6+ 1-0